000
00284nam a2200133Ia 4500
005
20251222152047.0
008
251222s9999||||xx |||||||||||||| ||spa||
082
_a
200/B34
100
_a
Beck, Eleonore
245
0
_a
Yo Creo
250
_a
1ra.ed.
264
_b
Estella
942
_c
LIB
999
_c
26289
_d
26289